Textbook of endodontics
Saved in:
| Main Author: | |
|---|---|
| Format: | Book |
| Language: | English |
| Published: |
Jagpee Brothers Medical Publishers
2007
|
| Tags: |
Add Tag
No Tags, Be the first to tag this record!
|
MARC
| LEADER | 00000nam a22000007a 4500 | ||
|---|---|---|---|
| 008 | 201208b ||||| |||| 00| 0 eng d | ||
| 020 | |a 81-8448-135-7 | ||
| 100 | |a GARG, Nisha. | ||
| 245 | |a Textbook of endodontics |c Nisha Garg, Amit Garg |g xviii, 482p.; ill | ||
| 260 | |b Jagpee Brothers Medical Publishers |c 2007 |h New Delhi |i 691073 |l RK351 .G16 |m Endodontics | ||
| 500 | |a It includes bibliographical references and index | ||
| 942 | |a lcc |c BK |e ADEYEYE Y. S. |f 8/12/2020 | ||
| 952 | |0 0 |1 0 |2 lcc |4 0 |7 0 |9 260 |a HOL |b ML |c QZ |d 2020-12-08 |o RK351 .G16 |p 2020-0200 |r 2020-12-08 00:00:00 |w 2020-12-08 |y BK | ||
| 999 | |c 104 |d 104 | ||